000 01279nam a2200277Ia 4500
999 _c53036
_d53036
001 20072
003 GE_BSU
005 20220223112908.0
008 181216s2008||||ge |||||||||||||| ||geo||
020 _a9994025473
040 _cGE_BSU
041 _ageo
080 _a512 + 511.2 დ-43
100 _aდიასამიძე, იაშა
_94093
245 _aალგებრა და რიცხვთა თეორია :
_bსაფაკულტეტო სწავლებისათვის. ნაწ. 1/
_cიაშა დიასამიძე; რედ. ალ. ლაშხი., გ.ჩაცანიძე.
264 _aბათუმი :
_bშოთა რუსთაველის სახელმწ. უნივერსიტეტი,
_c2008.
300 _a216 გვ.;
_b21 სმ.
501 _aსაგნ. საძ.: გვ. 212-214.
504 _a ბიბლიოგრ.: გვ. 206.
541 _h12 ლ.
653 _aალგებრა. რიცხვთა თეორია
653 _aმათემატიკა
700 _aლაშხი, ალ.
_eრედაქტორი
_913560
700 _aჩაცანიძე, გ.
_eრედაქტორი
_913561
942 _cBK
_2udc